000 00674nam a2200229 i 4500
001 12049
003 ES-MaACL
005 20250815111924.0
007 t|
008 970205s1997 xxk ||||1| eng d
020 _a0-19-855947-X
080 _a544.18(075.8)
100 1 _aAtkins, Peter W.
_923747
245 1 0 _aMolecular quantum mechanics /
_cP. W. Atkins and R. S. Friedman.
250 _a3rd ed.
260 _aOxford [etc.] :
_bOxford University Press,
_c1997.
300 _aXVII, 545 p. :
_bil. ;
_c25 cm.
650 7 _aQuímica cuántica
_2embne
_916632
700 1 _aFriedman, R.S.
_952637
852 _aES-MaACL
_jL-19292
_bR.125705
999 _c12049
_d12049